000 00893nam a22002177a 4500
005 20171129113319.0
010 _aUR-9866
020 6 _c50.00
035 _aU-8421
037 _bDBAD/PUB
082 _a920
100 _aملک عطا محمد
245 _aآ پ کی شخصیت ا و ر ا سکا ا ر تقا
_cملک عطا محمد
246 _b
_aAap ki Shakhsiyat Aur Uska Irtaqa
250 _aby Malik Ata Mohd.
260 _a نئی د لی
_bMerkazi Maktaba Islami Publishers
_c2010
270 _aD307,Dawat Nagar,Abul Fazal Enclave,Jamia Nagar ,
_b New Delhi
_e110025
_k01126971652
_l-
300 _a118ص
_c22 Cm.(B.b)
500 _aدو حصہ
942 _2ddc
_cUR
_h920
_mم ل ک
_e
999 _c147058
_d147058